|
|
|
|
| LEADER |
00000nab a2200000ua 4500 |
| 001 |
vtls010813279 |
| 003 |
SK-MaSNL |
| 005 |
20260303115608.0 |
| 008 |
230127s2012 xo |||||||||||||||||cze| |
| 035 |
|
|
|a (urnnbn)urn:nbn:sk:snk:ar-006cjc
|
| 035 |
|
|
|a urn:nbn:sk:snk-ab5idv
|
| 035 |
|
|
|a (uuid)b403ed0d-d9ed-4cfa-8f01-a62bdc59c1ac
|
| 040 |
|
|
|a SNKBUCL
|b slo
|c SNKBUCL
|e AACR2
|
| 041 |
0 |
|
|a cze
|
| 044 |
|
|
|a xo
|c SK
|
| 100 |
1 |
|
|a Taláb, Radomír
|4 aut
|9 1130845
|
| 245 |
1 |
0 |
|a ROZTROUŠENÁ SKLERÓZA MOZKOMÍŠNÍ V DĚTSKÉM VĚKU
|c Radomír Taláb
|
| 773 |
0 |
|
|t Neurológia : recenzovaný, postgraduálne zameraný odborný lekársky časopis
|g Roč. 7, č. 3 (2012), s. 159
|
| 954 |
|
|
|a odborná, vedecká literatúra pôvodná (slovenská)
|2 lita
|
| 954 |
|
|
|a odborná, vedecká literatúra cudzojazyčná (svetová)
|2 lita
|
| 958 |
|
|
|a OND
|
| 958 |
|
|
|a EUIPO
|
| 958 |
|
|
|a article5
|
| 999 |
|
|
|c 1904607
|d 1906537
|